Biología y conservación de los psitácidos de Venezuela / (Registro nro. 1451)

Detalles MARC
000 -CABECERA
Campo de control 00907cam a2200265 i 4500
005 - FECHA Y HORA DE LA ULTIMA TRANSACCION
Campo de control 20160113100422.0
008 - ELEMENTOS DE LONGITUD FIJA—INFORMACION GENERAL
Campo de control 960129s1994 ve b b 100 0 spa
020 ## - ISBN
ISBN 980071717X
040 ## - FUENTE DE CATALOGACIÓN
Agencia catalogadora original DLC
Agencia transcriptora DLC
Agencia Modificadora CO-BoIAVH
041 0# - IDIOMA
Código de idioma para texto/pista de sonido o título separado Español
043 ## - GEOGRAPHIC AREA CODE
Geographic area code s-ve---
044 ## - PAÍS DE PUBLICACIÓN
País de publicación Venezuela
082 04 - NUMERO DE CLASIFICACION DECIMAL DEWEY
Número de clasificación 598.710987
Número del ítem B61b
245 00 - MENCION DE TITULO
Título Biología y conservación de los psitácidos de Venezuela /
Mención de responsabilidad editores, Gonzalo Morales y (otros cuatro editores).
260 ## - PUBLICACION, DISTRIBUCION, ETC. (PIE DE IMPRENTA)
Lugar de publicación, distribución, etc. Caracas :
Nombre del editor, distribuidor, etc. [Sin editorial],
Fecha de publicación, distribución, etc. 1994.
300 ## - DESCRIPCION FISICA
Extensión 329 páginas :
Otros detalles físicos ilustraciones y mapas ;
Dimensiones 28 cm.
546 ## - NOTA DE IDIOMA
Nota de idioma Abstracts in Spanish and English.
650 14 - ASIENTO SECUNDARIO DE MATERIA - TERMINO TEMATICO
Término temático o nombre geográfico como elemento de entrada Loros
Subdivisión geográfica Venezuela
650 24 - ASIENTO SECUNDARIO DE MATERIA - TERMINO TEMATICO
Término temático o nombre geográfico como elemento de entrada Loros
Subdivisión general Conservación
Subdivisión geográfica Venezuela
700 1# - ASIENTO SECUNDARIO - NOMBRE PERSONAL
Nombre personal Morales, Gonzalo,
Término de relación editor.
700 1# - ASIENTO SECUNDARIO - NOMBRE PERSONAL
Nombre personal Novo, Isabel,
Término de relación editora.
700 1# - ASIENTO SECUNDARIO - NOMBRE PERSONAL
Nombre personal Bigio, Déborah,
Término de relación editor.
700 1# - ASIENTO SECUNDARIO - NOMBRE PERSONAL
Nombre personal Luy, Alejandro,
Término de relación editor.
942 ## - ELEMENTOS ADICIONALES (KOHA)
Sistema de clasificación Dewey Decimal Classification
Tipo de ítem Libro
Existencias
Withdrawn status Lost status Sistema de Clasificación Damaged status No para préstamo Colección Inventariado Ubicación Permanente Ubicación actual Fecha de adquisición Fuente de Valor Valor Total Checkouts Número topográfico Inventario / Código de Barras Date last seen Ejemplar Price effective from Forma de adquisición Tipo de material
    Dewey Decimal Classification     General Inventariado 2017 Bogotá Bogotá 01/09/1999 Instituto 39000.00   LB-598.710987 B61b 002001 04/12/2012 Ej. 1 04/12/2012   Libro